| 000 | 01080cam a2200337 a 4500 | ||
|---|---|---|---|
| 999 |
_c1977 _d1977 |
||
| 001 | .b15580167 | ||
| 003 | CaOOAMICUS | ||
| 005 | 20230222100230.0 | ||
| 008 | 960426s1995 nyua j 000 1 eng c | ||
| 020 | _a9780399229190 | ||
| 040 |
_aCaNSH _beng _dTWWZU _dKH8 _cSTD |
||
| 041 | 0 | _aeng | |
| 042 | _anbic | ||
| 082 | 0 | _a813.5 CAR | |
| 100 | 1 |
_aCarle, Eric. _eauthor |
|
| 245 | 1 | 4 |
_aThe very busy spider / _cEric Carle. |
| 250 | _aFirst Board Book ed. | ||
| 260 |
_aNew York : _bPhilomel Books, _cc1995. |
||
| 300 |
_a[22] p. : _bcol. ill. ; _c12 cm. |
||
| 490 | 1 | _aBoard book. | |
| 520 | _aThe farm animals try to divert a busy little spider from spinning her web, but she persists and produces a thing of both beauty and usefulness. | ||
| 650 | 0 |
_aSpiders _vJuvenile fiction. |
|
| 650 | 0 |
_aSpider webs _vJuvenile fiction. |
|
| 650 | 0 |
_aDomestic animals _vJuvenile fiction. |
|
| 650 | 1 |
_aSpiders _vFiction. |
|
| 650 | 1 |
_aSpider webs _vFiction. |
|
| 650 | 1 |
_aDomestic animals _vFiction. |
|
| 650 | 1 |
_aSpiders _vFiction. |
|
| 830 | 0 | _aBoard book. | |
| 942 |
_2ddc _cNFIC |
||